Places in Hertfordshire - sudden death - Statistics

General Stats
  • This quiz has been taken 96 times
  • The average score is 10 of 24
Answers on the Grid
Answers color-coded by a green-red scale on the quiz's grid according to % correct below.
St. Albans
Watford Gap
Hemel Hempstead
Huddersfield
Welwyn Garden City
Hampstead
A 1966 World Cup stadium
Stevenage
Stanley Kubrick's grave
Halifax
Imperial College
Rolls Royce HQ
Hitchin
Hereford
An international airport
Aintree
Baldock
Potters Bar
National Nuclear Laboratory
Royston
Old Albanian's ground
Rickmansworth
Waltham Abbey
Bishop's Stortford
Hatfield
Letchworth Garden CIty
Hartford
Bhubaneswar
Sawbridgeworth
Ware
Bushey
Cheshunt
Beira
Vicarage Road
Harpenden
Chesham Bois
Hoddesdon
Lower Nazeing
Keir Starmer's birthplace
Oakwell Stadium
Watford
Lobito
Woolfardisworthy
Meadow Lane
London Colney
Waltham Cross
Croke Park
British Geological Survey HQ
 
Answer Stats
Answer % Correct
St. Albans
98%
Hemel Hempstead
81%
Welwyn Garden City
76%
Hitchin
71%
Stevenage
67%
Hatfield
50%
Watford
45%
Harpenden
43%
Letchworth Garden CIty
38%
Cheshunt
36%
Rickmansworth
36%
Ware
33%
Bushey
31%
Potters Bar
31%
Watford F.C. Vicarage Road
31%
Baldock
26%
Hoddesdon
26%
London Colney
26%
Royston
24%
Bishop's Stortford
21%
Sawbridgeworth
21%
Waltham Cross
21%
Rugby club in St. Albans Old Albanian's ground
17%
Childwickbury Manor Stanley Kubrick's grave
5%
No matching quizzes found
Score Distribution
Percent of People with Each Score
Percentile by Number Answered
Your Score History
You have not taken this quiz